| 000 | 00958nam a2200265 a 4500 | ||
|---|---|---|---|
| 001 | 000021336 | ||
| 003 | DO-SdBNP | ||
| 005 | 20240418073801.0 | ||
| 008 | 100906s1993 dr ac 000 0 spa d | ||
| 020 | _a8460421015 | ||
| 040 |
_aDO-SdBNP _bspa _cBNPHU |
||
| 082 | 4 |
_a972.9356 _bC697j _222 |
|
| 100 | 1 |
_aCollado, Miguel A., _d1954- _924696 |
|
| 245 | 1 | 0 |
_aJanico : _bnotas sobre su historia / _cMiguel Collado. |
| 260 |
_aSanto Domingo : _bPavel ; _fBúho _c1993. |
||
| 300 |
_av. : _bil., maps., retrs. ; _c22 cm. |
||
| 500 | _aIncluye datos biográficos del autor en la solapa de la cubierta | ||
| 500 | _aIncluye referencias bibliográficas y notas al pie de las páginas | ||
| 500 | _aLa biblioteca posee v.1 | ||
| 590 | _aInventariado, 2023/MFF | ||
| 650 | 4 |
_aJánico (República Dominicana) _xHistoria local _944575 |
|
| 650 | 4 |
_aCiudades y pueblos _xRepública dominicana _91095 |
|
| 910 | _aValidado. Control de calidad MFF | ||
| 942 |
_2ddc _cLBS1 |
||
| 999 |
_c20836 _d20836 |
||